000
00463nam a2200145Ia 4500
008
090124s9999 xx 000 0 und d
082
_b
403248
245
_a
दिल्लीचे मोगल बादशहा
250
_a
2
260
_b
देवळे श.रा.
_c
1996
300
_a
48
630
_a
दिल्लीचे मोगल बादशहा
730
_a
दिल्लीचे मोगल बादशहा
942
_c
BOOK
999
_c
199731
_d
199731